Zhuangzi zuan jian /

Saved in:
书目详细资料
主要作者: Qian, Mu, 1895-
格式: 图书
语言:Chinese
出版: Xianggang : Dong nan yin wu chu ban she, Min guo 44 [1955]
版:Zeng ding ban.
主题:
标签: 添加标签
没有标签, 成为第一个标记此记录!
LEADER 00972cam a2200289 a 4500
001 007728826-2
005 20024617110316.0
008 940627s1955 hk 000 0 chi d
035 0 |a ocm30766413 
040 |a UPB  |c UPB  |d *YNH*  |d CStRLIN 
050 1 4 |a BL1900.C5  |b C48x 1955 
100 1 |6 880-01  |a Qian, Mu,  |d 1895- 
245 1 0 |6 880-02  |a Zhuangzi zuan jian /  |c Qian Mu zhu. 
250 |6 880-03  |a Zeng ding ban. 
260 |6 880-04  |a Xianggang :  |b Dong nan yin wu chu ban she,  |c Min guo 44 [1955] 
300 |a 10, 280 p. ;  |c 21 cm. 
500 |6 880-05  |a Chuang Chou (B.C. 365-290) 
600 0 0 |6 880-06  |a Zhuangzi.  |t Nanhua jing. 
740 0 |a Zhuang-zi zuan jian. 
880 1 |6 100-01  |a 錢穆,  |d 1895- 
880 1 0 |6 245-02  |a 莊子纂箋 /  |c 錢穆著. 
880 |6 250-03  |a 增訂版. 
880 |6 260-04  |a 香港 :  |b 東南印務出版社,  |c 民國44 [1955] 
880 |6 500-05  |a 莊周 (B.C. 365-290) 
880 0 0 |6 600-06  |a 莊子.  |t 南華經. 
988 |a 20021105 
906 |0 OCLC